[Event "4NCL Online Division 2"]
[Site "online"]
[Date "2021.03.09"]
[EventDate "2021.03.09"]
[Round "4.84"]
[White "Hassall, Mark I"]
[WhiteElo "1925"]
[WhiteTeam "Trelawny's Army"]
[Black "Perkins, Peter T"]
[BlackElo "1622"]
[BlackTeam "Hull & Beverley Romans 2"]
[Result "0-1"]
[PlyCount "44"]

1. e4 e5 2. Nf3 Nc6 3. Bb5 a6 4. Ba4 b5 5. Bb3 h6 6. O-O Nf6 7. d4 exd4 8. e5 Ne4 9. Nxd4 Ng5 10. Nxc6 dxc6 11. Qxd8+ Kxd8 12. Bxg5+ hxg5 13. Bxf7 Bf5 14. c3 Ke7 15. Bb3 g6 16. Nd2 g4 17. f4 Rd8 18. Rad1 Ke8 19. Rfe1 Bc5+ 20. Kh1 Ke7 21. Ne4 Rxd1 22. Rxd1 Bxe4 {[W: 0:08:30; B: 0:18:59]} 0-1

[Event "4NCL Online Division 2"]
[Site "online"]
[Date "2021.03.09"]
[EventDate "2021.03.09"]
[Round "4.91"]
[White "Hasson, Peter"]
[WhiteElo "2073"]
[WhiteTeam "CSC 2"]
[Black "Orlovska, Madara"]
[BlackElo "2135"]
[BlackTeam "Catford Cosmonauts 2"]
[Result "1/2-1/2"]
[PlyCount "73"]

1. c4 Nf6 2. Nc3 g6 3. e4 d6 4. d4 Bg7 5. Nf3 O-O 6. Be2 e5 7. O-O Nbd7 8. Be3 exd4 9. Nxd4 Nc5 10. f3 a5 11. Ndb5 b6 12. Qd2 Re8 13. Rad1 Bb7 14. Rfe1 Qd7 15. Bf1 Rad8 16. Kh1 Qc8 17. Qc2 Qb8 18. Nd5 c6 19. Nxf6+ Bxf6 20. Nc3 Qc7 21. a3 Be5 22. g3 h5 23. b4 axb4 24. axb4 Nd7 25. b5 Nc5 26. bxc6 Bxc6 27. Nd5 Qb7 28. Bg2 Ba4 29. Qb1 Bxd1 30. Rxd1 Ra8 31. f4 Ra1 32. Qc2 Rea8 33. fxe5 R8a2 34. Qxa2 Rxa2 35. exd6 Ne6 36. e5 Kg7 37. Nf4 {[W: 0:01:43; B: 0:01:14]} 1/2-1/2

[Event "4NCL Online Division 2"]
[Site "online"]
[Date "2021.03.09"]
[EventDate "2021.03.09"]
[Round "4.92"]
[White "Wood, Peter R"]
[WhiteElo "1967"]
[WhiteTeam "Catford Cosmonauts 2"]
[Black "Garwood, Colin"]
[BlackElo "2020"]
[BlackTeam "CSC 2"]
[Result "1-0"]
[PlyCount "73"]

1. e4 e5 2. Nc3 Nc6 3. Bc4 Nf6 4. d3 Bc5 5. f4 d6 6. Nf3 a6 7. Nd5 Ng4 8. f5 h6 9. Ng5 Bf2+ 10. Kf1 Ne3+ 11. Nxe3 Bxe3 12. Bxe3 hxg5 13. Qg4 f6 14. g3 Qe7 15. Kg2 Na5 16. h4 Nxc4 17. dxc4 Bd7 18. hxg5 O-O-O 19. g6 c5 20. Rxh8 Rxh8 21. Rh1 Qf8 22. Rxh8 Qxh8 23. Qh4 Qxh4 24. gxh4 Be8 25. h5 Kd7 26. h6 gxh6 27. Bxh6 Ke7 28. Bg7 Bc6 29. Kf3 b6 30. Ke3 Bb7 31. a4 a5 32. Bh8 Bc6 33. b3 Bb7 34. g7 Kf7 35. g8=Q+ Kxg8 36. Bxf6 Kf7 37. Bd8 {[W: 0:07:00; B: 0:06:13]} 1-0

[Event "4NCL Online Division 2"]
[Site "online"]
[Date "2021.03.09"]
[EventDate "2021.03.09"]
[Round "4.93"]
[White "John, Joshua"]
[WhiteElo "2005"]
[WhiteTeam "CSC 2"]
[Black "Allen, John P"]
[BlackElo "1954"]
[BlackTeam "Catford Cosmonauts 2"]
[Result "0-1"]
[PlyCount "98"]

1. d4 Nf6 2. c4 c5 3. d5 b5 4. f3 bxc4 5. e4 d6 6. Bxc4 g6 7. Ne2 Bg7 8. Nbc3 O-O 9. Be3 Nbd7 10. O-O Ne5 11. Bd3 Nxd3 12. Qxd3 Qa5 13. a4 Ba6 14. Nb5 Nd7 15. Nec3 Rfb8 16. Bd2 Bxc3 17. Bxc3 Bxb5 18. axb5 Qxb5 19. Qe3 Nb6 20. Qh6 f6 21. f4 Na4 22. Rxa4 Qxa4 23. e5 Rf8 24. Re1 fxe5 25. fxe5 Qf4 26. Qxf4 Rxf4 27. exd6 exd6 28. Re6 Rd8 29. g3 Rf5 30. Re7 Rf7 31. Re6 Rdd7 32. Re8+ Rf8 33. Re6 Rf5 34. Re8+ Rf8 35. Re6 Kf7 36. Kf2 Re8 37. Rf6+ Ke7 38. Re6+ Kf8 39. Bf6 Rxe6 40. dxe6 Re7 41. Bc3 Rxe6 42. b4 Re4 43. bxc5 dxc5 44. Kf3 Rc4 45. Be5 Ke7 46. h4 Ke6 47. Ba1 a5 48. g4 a4 49. h5 a3 {[W: 0:10:39; B: 0:11:08]} 0-1

[Event "4NCL Online Division 2"]
[Site "online"]
[Date "2021.03.09"]
[EventDate "2021.03.09"]
[Round "4.94"]
[White "Gluckman, Tim"]
[WhiteElo "1949"]
[WhiteTeam "Catford Cosmonauts 2"]
[Black "Lawson, Maurice E"]
[BlackElo "2070"]
[BlackTeam "CSC 2"]
[Result "1/2-1/2"]
[PlyCount "47"]

1. d4 d5 2. Bg5 Nf6 3. e3 e6 4. Nd2 c5 5. c3 Be7 6. Bd3 Nc6 7. f4 a6 8. Ngf3 O-O 9. O-O b6 10. Ne5 Bb7 11. Rf3 Nxe5 12. fxe5 Ne4 13. Bxe7 Qxe7 14. Bxe4 dxe4 15. Rf4 cxd4 16. exd4 f5 17. exf6 Rxf6 18. Qg4 Rxf4 19. Qxf4 Rf8 20. Qe5 Rf5 21. Qb8+ Rf8 22. Qe5 Rf5 23. Qb8+ Rf8 24. Qe5 {[W: 0:16:49; B: 0:16:50]} 1/2-1/2

[Event "4NCL Online Division 2"]
[Site "online"]
[Date "2021.03.09"]
[EventDate "2021.03.09"]
[Round "4.101"]
[White "Hodgson, John H"]
[WhiteElo "2080"]
[WhiteTeam "Streatham A"]
[Black "Verma, Shlok"]
[BlackElo "1989"]
[BlackTeam "Kent KJCA Kestrels C"]
[Result "1-0"]
[PlyCount "63"]

1. e4 e6 2. d4 d5 3. Nd2 dxe4 4. Nxe4 Nd7 5. Nf3 Ngf6 6. Bd3 Be7 7. Nxf6+ Nxf6 8. Qe2 O-O 9. Bg5 b6 10. Bxf6 Bxf6 11. Qe4 g6 12. Qxa8 Bxd4 13. Nxd4 Qxd4 14. O-O f5 15. Qc6 f4 16. Qc3 Qd6 17. Rad1 Qe7 18. Be4 Qg5 19. Rfe1 c5 20. Bf3 Qh6 21. Rd6 g5 22. Bg4 Re8 23. h3 Qg6 24. Qf3 Re7 25. Rd8+ Re8 26. Rxc8 Rxc8 27. Bxe6+ Kg7 28. Bxc8 Qxc2 29. Qc3+ Qxc3 30. bxc3 b5 31. Re5 b4 32. Rxg5+ {[W: 0:19:17; B: 0:21:16]} 1-0

[Event "4NCL Online Division 2"]
[Site "online"]
[Date "2021.03.09"]
[EventDate "2021.03.09"]
[Round "4.102"]
[White "Salimu, Reuben"]
[WhiteElo "1893"]
[WhiteTeam "Kent KJCA Kestrels C"]
[Black "Keane, Graham D J"]
[BlackElo "2122"]
[BlackTeam "Streatham A"]
[Result "0-1"]
[PlyCount "52"]

1. e4 d6 2. d4 Nf6 3. Nc3 g6 4. Be3 c6 5. Qd2 Nbd7 6. Bd3 Bg7 7. Bh6 O-O 8. Bxg7 Kxg7 9. h4 e5 10. Nge2 b5 11. O-O-O b4 12. Nb1 exd4 13. Nxd4 Ne5 14. h5 c5 15. Nf5+ gxf5 16. Qg5+ Kh8 17. exf5 Rg8 18. Qh6 Nfg4 19. Qd2 Qg5 20. Be4 Qxd2+ 21. Rxd2 Rb8 22. Rxd6 Nc4 23. Rc6 Nxf2 24. Rxc5 Nxh1 25. Rxc4 Ng3 26. Bd5 Rd8 {[W: 0:30:37; B: 0:16:11]} 0-1

[Event "4NCL Online Division 2"]
[Site "online"]
[Date "2021.03.09"]
[EventDate "2021.03.09"]
[Round "4.103"]
[White "Bennett, John M"]
[WhiteElo "2022"]
[WhiteTeam "Streatham A"]
[Black "Cook, John"]
[BlackElo "1768"]
[BlackTeam "Kent KJCA Kestrels C"]
[Result "1-0"]
[PlyCount "81"]

1. d4 Nf6 2. c4 g6 3. Nc3 d5 4. Nf3 Bg7 5. cxd5 Nxd5 6. e4 Nxc3 7. bxc3 O-O 8. Be2 c5 9. Rb1 Nc6 10. d5 Ne5 11. Nxe5 Bxe5 12. Qd2 Qa5 13. Rb3 Rd8 14. f4 Bg7 15. O-O c4 16. Ra3 Qc5+ 17. Qe3 Qxe3+ 18. Bxe3 b5 19. Rb1 Bd7 20. e5 a6 21. Ra5 f6 22. e6 Be8 23. Bc5 Kf8 24. Bf3 f5 25. d6 exd6 26. Bxa8 dxc5 27. Rxa6 Bxc3 28. Ra7 Rd2 29. Rxh7 Rxa2 30. Bd5 Re2 31. Kf1 Re3 32. Rd1 Kg8 33. Rb7 Rd3 34. Rxd3 cxd3 35. Rb8 Kf8 36. Bc6 b4 37. Rxe8+ Kg7 38. Rb8 Kf6 39. Bd5 Bd4 40. Rb7 d2 41. Rf7# {[W: 0:28:53; B: 0:08:54]} 1-0

[Event "4NCL Online Division 2"]
[Site "online"]
[Date "2021.03.09"]
[EventDate "2021.03.09"]
[Round "4.104"]
[White "Ratnesan, Radha"]
[WhiteElo "1729"]
[WhiteTeam "Kent KJCA Kestrels C"]
[Black "Hylands, Liam M"]
[BlackElo "2070"]
[BlackTeam "Streatham A"]
[Result "0-1"]
[PlyCount "114"]

1. d4 d5 2. Nf3 Nf6 3. Bf4 c5 4. c3 Qb6 5. Qc2 Nc6 6. e3 Bg4 7. Be2 e6 8. Nbd2 Rc8 9. Qb3 c4 10. Qxb6 axb6 11. O-O Nh5 12. Bg3 Nxg3 13. hxg3 Bd6 14. e4 b5 15. Rfe1 O-O 16. Nh4 Bxe2 17. Rxe2 g5 18. Nhf3 h6 19. Nh2 b4 20. Ng4 Kg7 21. Kh2 Ra8 22. Ne3 Ne7 23. Nc2 Nc6 24. Ne3 Ne7 25. Nc2 bxc3 26. bxc3 Nc6 27. Ne3 Ne7 28. Nc2 Rfd8 29. e5 Bc7 30. Nb4 Ra3 31. Nb1 Ra4 32. a3 Rda8 33. Rea2 Nc8 34. Nc2 Bd8 35. Nd2 Be7 36. Nb4 Bxb4 37. cxb4 Na7 38. Nf3 Nb5 39. Rb2 Rxa3 40. Rab1 g4 41. Nd2 c3 42. Rc2 Nxd4 43. Rcc1 cxd2 44. Rd1 Ra2 45. b5 Ne2 46. Rb3 d4 47. b6 Nc3 48. Rf1 d1=Q 49. Rxd1 Nxd1 50. Rd3 Nxf2 51. Rxd4 Rb2 52. Rf4 Raa2 53. Rf6 Nh3 54. Kh1 Ng5 55. Rf1 Ne4 56. Kh2 Rxg2+ 57. Kh1 Nxg3# {[W: 0:02:11; B: 0:01:10]} 0-1

[Event "4NCL Online Division 2"]
[Site "online"]
[Date "2021.03.09"]
[EventDate "2021.03.09"]
[Round "4.111"]
[White "Breed, Greg J"]
[WhiteElo "1892"]
[WhiteTeam "Hatch End A"]
[Black "Whyte, Brian G"]
[BlackElo "2134"]
[BlackTeam "Malpas/Oswestry/Friends"]
[Result "1-0"]
[PlyCount "47"]

1. d4 Nf6 2. Nf3 c5 3. d5 e6 4. c4 b5 5. dxe6 fxe6 6. cxb5 d5 7. Bg5 Nbd7 8. e3 Bd6 9. Nc3 O-O 10. Be2 Bb7 11. O-O Qe8 12. a4 e5 13. Bxf6 Nxf6 14. Nxd5 e4 15. Nxf6+ Rxf6 16. Nd2 Rd8 17. g3 Kh8 18. Qc2 Qe6 19. Rad1 Qh3 20. f4 exf3 21. Bxf3 Bxg3 22. Ne4 Rxd1 23. Rxd1 Bxh2+ 24. Qxh2 {Time forfeit} {[W: 0:06:56; B: 0:00:58]} 1-0

[Event "4NCL Online Division 2"]
[Site "online"]
[Date "2021.03.09"]
[EventDate "2021.03.09"]
[Round "4.112"]
[White "Altinsoy, Mehmet Nuri"]
[WhiteElo "2018"]
[WhiteTeam "Malpas/Oswestry/Friends"]
[Black "Phillips, William"]
[BlackElo "1745"]
[BlackTeam "Hatch End A"]
[Result "1/2-1/2"]
[PlyCount "70"]

1. Nf3 Nf6 2. g3 b6 3. Bg2 Bb7 4. d4 e6 5. O-O Be7 6. c4 O-O 7. Nc3 d5 8. Ne5 Ne4 9. Qc2 Nxc3 10. Qxc3 f6 11. Nf3 dxc4 12. Qxc4 Bd5 13. Qc2 f5 14. Bf4 Bd6 15. Ne5 Nd7 16. Bxd5 exd5 17. Nxd7 Qxd7 18. Bxd6 Qxd6 19. Rac1 Rf7 20. Qc6 Qxc6 21. Rxc6 Re8 22. e3 g5 23. Rfc1 Ree7 24. R1c3 Kg7 25. Kg2 a5 26. Kf3 h6 27. h4 gxh4 28. gxh4 f4 29. Ke2 fxe3 30. fxe3 Kh7 31. Rc1 Rg7 32. Rf1 Rg3 33. Rf3 Rg2+ 34. Rf2 Rg3 35. Rf3 Rg2+ {[W: 0:30:14; B: 0:05:15]} 1/2-1/2

[Event "4NCL Online Division 2"]
[Site "online"]
[Date "2021.03.09"]
[EventDate "2021.03.09"]
[Round "4.113"]
[White "Parsons, Robert"]
[WhiteElo "1699"]
[WhiteTeam "Hatch End A"]
[Black "Higgie, Charles L"]
[BlackElo "2032"]
[BlackTeam "Malpas/Oswestry/Friends"]
[Result "0-1"]
[PlyCount "98"]

1. d4 Nf6 2. c4 g6 3. Nf3 Bg7 4. Nc3 d5 5. cxd5 Nxd5 6. e4 Nxc3 7. bxc3 c5 8. Be3 Qa5 9. Qc2 cxd4 10. Bxd4 O-O 11. Bxg7 Kxg7 12. Bc4 Nc6 13. O-O b5 14. Bd5 Bd7 15. Rfd1 e6 16. Bxc6 Bxc6 17. Ne5 Qc7 18. f4 Rfd8 19. c4 Qb7 20. Qc3 f6 21. Ng4 Qe7 22. e5 Qc5+ 23. Kh1 f5 24. Nf6 Qxc4 25. Qh3 h6 26. Qe3 Qxa2 27. Qg1 Rxd1 28. Rxa2 Rxg1+ 29. Kxg1 a5 30. Rd2 a4 31. Rd6 a3 32. Rxc6 a2 33. Rc7+ Kf8 34. Nh7+ Ke8 35. Nf6+ Kd8 36. Rd7+ Kc8 37. Rd1 b4 38. Rc1+ Kb7 39. Nd7 a1=Q 40. Rxa1 Rxa1+ 41. Kf2 Kc6 42. Nf8 b3 43. Nxe6 b2 44. Nd4+ Kd5 45. Ne2 Kc4 46. e6 b1=Q 47. e7 Qe1+ 48. Kf3 Ra3+ 49. Nc3 Rxc3# {[W: 0:00:39; B: 0:04:33]} 0-1

[Event "4NCL Online Division 2"]
[Site "online"]
[Date "2021.03.09"]
[EventDate "2021.03.09"]
[Round "4.114"]
[White "Taylor, Robert K"]
[WhiteElo "1956"]
[WhiteTeam "Malpas/Oswestry/Friends"]
[Black "Irani, Cherag"]
[BlackElo "1675"]
[BlackTeam "Hatch End A"]
[Result "1-0"]
[PlyCount "78"]

1. e4 e6 2. d4 d5 3. Nc3 Nf6 4. e5 Nfd7 5. Nf3 c5 6. dxc5 Bxc5 7. Bd3 Nc6 8. Bf4 Qb6 9. O-O Qxb2 10. Nb5 Ndxe5 11. Nxe5 Nxe5 12. Rb1 Nxd3 13. Rxb2 Nxb2 14. Qa1 Nc4 15. Qxg7 Rf8 16. Nc7+ Kd8 17. Nxa8 Bd7 18. Qg3 Bc6 19. Bh6 Bd6 20. Qh4+ Be7 21. Qd4 Rg8 22. Qxa7 Kd7 23. Nb6+ Nxb6 24. Qxb6 Bd6 25. f3 Rg6 26. Bd2 h5 27. Bb4 Be5 28. Ba5 Rg8 29. Re1 Bd6 30. Bb4 Bc7 31. Qc5 Re8 32. Qf2 Ra8 33. a3 Ra6 34. Qh4 Bd6 35. Bxd6 Kxd6 36. Qd8+ Kc5 37. Qe7+ Kb6 38. Qxf7 Rxa3 39. Qxe6 Rc3 {[W: 0:18:15; B: 0:31:14]} 1-0

[Event "4NCL Online Division 2"]
[Site "online"]
[Date "2021.03.09"]
[EventDate "2021.03.09"]
[Round "4.121"]
[White "Crowther, Mark D"]
[WhiteElo "2078"]
[WhiteTeam "Bradford DCA Knights A"]
[Black "Pollock, Richard M"]
[BlackElo "1982"]
[BlackTeam "Plymouth 1"]
[Result "1-0"]
[PlyCount "69"]

1. e4 d5 2. exd5 Qxd5 3. Nc3 Qd6 4. d4 Nf6 5. Nf3 c6 6. h3 Bf5 7. Nh4 Be6 8. Be3 Nbd7 9. Bd3 g6 10. Qd2 Nb6 11. b3 Bg7 12. Nf3 Nfd5 13. Ne4 Qb4 14. c3 Qa5 15. O-O Nxe3 16. Qxe3 Nd5 17. Qd2 O-O 18. Rac1 Nf6 19. Nc5 Bc8 20. Ne5 Qc7 21. Rce1 Rd8 22. Qf4 b6 23. Ne4 Qb8 24. Bc4 Rf8 25. Qf3 Bf5 26. Nxf6+ Bxf6 27. Nxc6 Qd6 28. Ne5 Bxe5 29. Rxe5 Qa3 30. Rfe1 Rae8 31. R1e3 Kg7 32. Qg3 Bd7 33. b4 f6 34. Rxe7+ Rxe7 35. Rxe7+ {[W: 0:06:22; B: 0:00:51]} 1-0

[Event "4NCL Online Division 2"]
[Site "online"]
[Date "2021.03.09"]
[EventDate "2021.03.09"]
[Round "4.122"]
[White "Brooks, Paul"]
[WhiteElo "1862"]
[WhiteTeam "Plymouth 1"]
[Black "Ther, Mate"]
[BlackElo "2100"]
[BlackTeam "Bradford DCA Knights A"]
[Result "0-1"]
[PlyCount "46"]

1. d4 Nf6 2. Nf3 e6 3. e3 b6 4. Bd3 Bb7 5. O-O Be7 6. c4 O-O 7. Nc3 d5 8. cxd5 exd5 9. Qe2 Ne4 10. Bd2 f5 11. Ne5 Nd7 12. f4 Rf6 13. Rac1 Rh6 14. Nxe4 fxe4 15. Bb5 Nxe5 16. fxe5 c6 17. Ba4 Qe8 18. Be1 Bg5 19. Bg3 a5 20. Rf5 Qh5 21. Qxh5 Bxe3+ 22. Rf2 Rxh5 23. Rc2 b5 {[W: 0:17:33; B: 0:41:52]} 0-1

[Event "4NCL Online Division 2"]
[Site "online"]
[Date "2021.03.09"]
[EventDate "2021.03.09"]
[Round "4.124"]
[White "Hart-Davis, Adam"]
[WhiteElo "1728"]
[WhiteTeam "Plymouth 1"]
[Black "Dean, Robert A"]
[BlackElo "1807"]
[BlackTeam "Bradford DCA Knights A"]
[Result "1-0"]
[PlyCount "123"]

1. e4 e6 2. d4 d5 3. exd5 exd5 4. c4 Bb4+ 5. Bd2 Qe7+ 6. Be2 Bxd2+ 7. Nxd2 Nf6 8. Ngf3 Nc6 9. O-O O-O 10. Re1 Qb4 11. b3 Bf5 12. Nf1 Rad8 13. Ne3 Bg6 14. Nc2 Qd6 15. h3 Ne4 16. Bd3 Rfe8 17. cxd5 Qxd5 18. Ne3 Qh5 19. d5 Nb4 20. Bc4 c6 21. a3 cxd5 22. Bb5 Nc3 23. Qd4 Nxb5 24. Qxb4 Nd6 25. Rac1 Be4 26. Nd4 Qg6 27. Qd2 Rc8 28. Ne2 Qh6 29. Ng3 f5 30. Nef1 Qxd2 31. Nxd2 Bd3 32. Rxe8+ Rxe8 33. Nf3 Rc8 34. Rxc8+ Nxc8 35. Ne5 Bc2 36. b4 Ne7 37. Ne2 Bd1 38. Nd4 Ba4 39. f3 Nc6 40. Ndxc6 Bxc6 41. Kf2 Kf8 42. Ke3 Ke7 43. Kd4 g6 44. f4 Kd6 45. g3 Be8 46. Nd3 b6 47. Ne5 Ba4 48. Nf3 h5 49. Ne5 Be8 50. Nf3 Bf7 51. Ng5 Bg8 52. Nf3 Be6 53. Ne5 Bg8 54. Nxg6 Bf7 55. Ne5 Be8 56. g4 hxg4 57. hxg4 fxg4 58. Nxg4 Bg6 59. Ne3 Be4 60. f5 Bh1 61. Ng4 Bf3 62. Nh6 {Time forfeit} {[W: 0:35:24; B: 0:00:22]} 1-0

[Event "4NCL Online Division 2"]
[Site "online"]
[Date "2021.03.09"]
[EventDate "2021.03.09"]
[Round "4.131"]
[White "Ellis, Aidan B"]
[WhiteElo "1974"]
[WhiteTeam "St Albans 1"]
[Black "Madden, Paul"]
[BlackElo "2096"]
[BlackTeam "Ashfield Anonymous A"]
[Result "1-0"]
[PlyCount "88"]

1. e4 e6 2. d4 d5 3. Nc3 Nf6 4. Bg5 Bb4 5. e5 h6 6. Bd2 Bxc3 7. bxc3 Ne4 8. Qg4 g6 9. h4 c5 10. Bd3 Nxd2 11. Kxd2 Nc6 12. Rh3 cxd4 13. cxd4 Bd7 14. c3 Qe7 15. Ne2 Qa3 16. Rhh1 Qb2+ 17. Ke3 Na5 18. Rhb1 Qa3 19. h5 g5 20. Rb4 O-O-O 21. Qf3 Nc6 22. Rb3 Qe7 23. Rc1 Na5 24. Rbb1 Bc6 25. Qg3 Rhf8 26. Kd2 f6 27. f3 f5 28. Rb4 Qe8 29. Qh2 Rd7 30. Ke1 Rc7 31. Rc2 Qe7 32. Nc1 Ba4 33. Rxa4 Nc6 34. Bb5 Nb8 35. g3 a6 36. Bd3 Nc6 37. Qe2 Kd7 38. g4 fxg4 39. fxg4 Rf4 40. Bg6 Qf8 41. Nd3 Rf3 42. Bf5 Rh3 43. Nc5+ Ke7 44. Nxe6 Qd8 {[W: 0:03:09; B: 0:01:24]} 1-0

[Event "4NCL Online Division 2"]
[Site "online"]
[Date "2021.03.09"]
[EventDate "2021.03.09"]
[Round "4.132"]
[White "Truman, Richard G"]
[WhiteElo "1969"]
[WhiteTeam "Ashfield Anonymous A"]
[Black "Willmott, Neil D"]
[BlackElo "1979"]
[BlackTeam "St Albans 1"]
[Result "1/2-1/2"]
[PlyCount "69"]

1. d4 d5 2. c4 c6 3. Nf3 Bf5 4. Nc3 e6 5. Bg5 Be7 6. Qd2 Bxg5 7. Nxg5 h6 8. Nf3 Nf6 9. e3 Nbd7 10. h3 Ne4 11. Nxe4 Bxe4 12. Rc1 O-O 13. Be2 Bxf3 14. Bxf3 f5 15. g4 Nf6 16. gxf5 exf5 17. cxd5 Nxd5 18. Rc5 Rf6 19. Bxd5+ cxd5 20. Qc2 b6 21. Rc7 Qd6 22. Rg1 g6 23. Rg3 a5 24. a3 Re8 25. Rc8 Rxc8 26. Qxc8+ Kg7 27. h4 Qc6 28. Qxc6 Rxc6 29. Kd2 Kf6 30. Rg1 b5 31. f3 Rc4 32. Kd3 a4 33. Rf1 Ke6 34. Rg1 Kf6 35. Rf1 {[W: 0:06:22; B: 0:15:42]} 1/2-1/2

[Event "4NCL Online Division 2"]
[Site "online"]
[Date "2021.03.09"]
[EventDate "2021.03.09"]
[Round "4.133"]
[White "Freeman, Jon A"]
[WhiteElo "1854"]
[WhiteTeam "St Albans 1"]
[Black "Garnett, John S"]
[BlackElo "1918"]
[BlackTeam "Ashfield Anonymous A"]
[Result "1/2-1/2"]
[PlyCount "129"]

1. c4 e5 2. g3 Nc6 3. Bg2 g6 4. Nc3 Bg7 5. e4 d6 6. Nge2 f5 7. d3 Nf6 8. O-O O-O 9. Nd5 Nxd5 10. exd5 Ne7 11. f4 c6 12. d4 e4 13. dxc6 bxc6 14. Be3 d5 15. b3 Rb8 16. Qd2 Be6 17. Rac1 Qb6 18. Nc3 Qb4 19. cxd5 cxd5 20. Ne2 Qxd2 21. Bxd2 Rfc8 22. Be3 Nc6 23. Rc5 Bf8 24. Rc3 Nb4 25. Rfc1 Nxa2 26. Rxc8 Rxc8 27. Ra1 Rc2 28. Nc1 Nxc1 29. Rxc1 Rxc1+ 30. Bxc1 Bb4 31. Bb2 Bd7 32. Bf1 Kf7 33. Kf2 Ke6 34. Ke3 Kd6 35. Be2 Kc7 36. h3 Kb6 37. Bd1 h5 38. Kf2 Bd6 39. Bc3 h4 40. gxh4 Bxf4 41. h5 gxh5 42. Bxh5 Bg5 43. Bf7 Kc6 44. Kg2 f4 45. Be1 f3+ 46. Kg3 Be3 47. h4 Bxd4 48. h5 Be5+ 49. Kf2 Bf4 50. Bc3 Bg4 51. Bd4 a6 52. Be8+ Kd6 53. b4 Ke7 54. Bc6 Bxh5 55. Bxd5 Bg6 56. Bb7 Bd6 57. Bxa6 Bxb4 58. Bc4 Kd6 59. Bb3 Bc5 60. Be3 Bxe3+ 61. Kxe3 Ke5 62. Bd1 Bh5 63. Bc2 f2 64. Kxf2 Kf4 65. Bxe4 {[W: 0:01:31; B: 0:15:54]} 1/2-1/2

[Event "4NCL Online Division 2"]
[Site "online"]
[Date "2021.03.09"]
[EventDate "2021.03.09"]
[Round "4.134"]
[White "Burke, Steven J"]
[WhiteElo "1904"]
[WhiteTeam "Ashfield Anonymous A"]
[Black "Price, Liam C"]
[BlackElo "1679"]
[BlackTeam "St Albans 1"]
[Result "1-0"]
[PlyCount "49"]

1. e4 c5 2. d4 cxd4 3. c3 e5 4. cxd4 Bb4+ 5. Bd2 Bxd2+ 6. Qxd2 Nc6 7. dxe5 Nxe5 8. Nc3 Ne7 9. Qg5 N5g6 10. Nf3 O-O 11. Bc4 Qc7 12. Bb3 h6 13. Qd2 Rd8 14. Rc1 Qf4 15. Qxf4 Nxf4 16. Rd1 Nxg2+ 17. Kf1 Nf4 18. Ne5 b6 19. Nxf7 Ba6+ 20. Ke1 Nd3+ 21. Rxd3 Bxd3 22. Nxd8+ Kf8 23. Nf7 Rc8 24. Ne5 d6 25. Nxd3 {[W: 0:16:34; B: 0:09:02]} 1-0

[Event "4NCL Online Division 2"]
[Site "online"]
[Date "2021.03.09"]
[EventDate "2021.03.09"]
[Round "4.141"]
[White "Kvetny, Mark"]
[WhiteTitle "IM"]
[WhiteElo "2439"]
[WhiteTeam "Celtic Tigers"]
[Black "Friedgood, David"]
[BlackTitle "FM"]
[BlackElo "2057"]
[BlackTeam "MK Phoenix 1"]
[Result "1-0"]
[PlyCount "73"]

1. d4 Nf6 2. Nf3 g6 3. c3 Bg7 4. Bg5 d6 5. Nbd2 Bf5 6. h3 h6 7. Bh4 g5 8. Bg3 Nbd7 9. Qb3 b6 10. e3 c5 11. Bc4 O-O 12. O-O Bg6 13. Rad1 Qc7 14. Rfe1 e5 15. dxe5 Nxe5 16. Nxe5 dxe5 17. e4 Rad8 18. f3 Nh5 19. Bf2 Nf4 20. Nf1 h5 21. Ne3 Qc8 22. a4 Kh8 23. Rxd8 Qxd8 24. Rd1 Qc8 25. a5 bxa5 26. Qb5 f5 27. exf5 Bxf5 28. Nxf5 Qxf5 29. Qd7 Nxh3+ 30. gxh3 Qxf3 31. Rf1 g4 32. hxg4 Rf4 33. Qe8+ Bf8 34. Qxe5+ Kh7 35. Bd3+ Kg8 36. Qe6+ Kh8 37. Bd4+ {[W: 0:21:32; B: 0:15:51]} 1-0

[Event "4NCL Online Division 2"]
[Site "online"]
[Date "2021.03.09"]
[EventDate "2021.03.09"]
[Round "4.142"]
[White "Freeman, Richard C P"]
[WhiteElo "2094"]
[WhiteTeam "MK Phoenix 1"]
[Black "Maciol, Ryszard"]
[BlackElo "2194"]
[BlackTeam "Celtic Tigers"]
[Result "0-1"]
[PlyCount "74"]

1. d4 Nf6 2. Bg5 d5 3. Bxf6 exf6 4. e3 Bd6 5. g3 O-O 6. Bg2 c6 7. Ne2 Qb6 8. b3 Bf5 9. O-O Na6 10. c4 dxc4 11. bxc4 Qb2 12. Nbc3 Bb4 13. Rc1 Rad8 14. e4 Bg4 15. Rc2 Qa3 16. h3 Bc8 17. Qc1 Qa5 18. Nd1 Rfe8 19. Ne3 Bf8 20. Qb2 g6 21. Ng4 Bg7 22. f4 f5 23. Nf2 fxe4 24. Bxe4 Nc5 25. Bf3 Re3 26. Kg2 Nd3 27. Qb1 Bf5 28. g4 Ne1+ 29. Rxe1 Bxc2 30. Qc1 Rde8 31. Nh1 Bd3 32. Nhg3 Bxd4 33. Rd1 Bxe2 34. Nxe2 Rxe2+ 35. Bxe2 Rxe2+ 36. Kg3 c5 37. Qb1 Qc3+ {[W: 0:00:54; B: 0:03:19]} 0-1

[Event "4NCL Online Division 2"]
[Site "online"]
[Date "2021.03.09"]
[EventDate "2021.03.09"]
[Round "4.143"]
[White "Skulte, Christopher"]
[WhiteElo "2147"]
[WhiteTeam "Celtic Tigers"]
[Black "Hunt, Peter"]
[BlackElo "2015"]
[BlackTeam "MK Phoenix 1"]
[Result "1-0"]
[PlyCount "81"]

1. e4 d6 2. d4 Nf6 3. Nc3 g6 4. Bc4 Bg7 5. Nf3 O-O 6. O-O Bg4 7. h3 Bxf3 8. Qxf3 e5 9. dxe5 dxe5 10. Bg5 c6 11. Rad1 Qe7 12. Rd2 h6 13. Be3 Nbd7 14. a4 Nc5 15. Rfd1 Ne6 16. Bxe6 Qxe6 17. Rd6 Qe7 18. Bxh6 Rad8 19. Rxd8 Rxd8 20. Bxg7 Kxg7 21. Rxd8 Qxd8 22. Qe3 Qa5 23. b3 a6 24. Kf1 Qb4 25. Ke2 b5 26. axb5 axb5 27. Qd3 Qd4 28. g3 Qc5 29. Nd1 g5 30. Ne3 Kg6 31. Nf5 Qb4 32. f3 Nh5 33. Qe3 f6 34. h4 c5 35. hxg5 fxg5 36. Qd3 c4 37. bxc4 bxc4 38. Qd7 Qc3 39. Qe6+ Nf6 40. Ne3 Kg7 41. Qxf6+ {[W: 0:04:06; B: 0:27:54]} 1-0

[Event "4NCL Online Division 2"]
[Site "online"]
[Date "2021.03.09"]
[EventDate "2021.03.09"]
[Round "4.144"]
[White "Brown, Alan M"]
[WhiteElo "2039"]
[WhiteTeam "MK Phoenix 1"]
[Black "Quinn, John M"]
[BlackElo "2214"]
[BlackTeam "Celtic Tigers"]
[Result "0-1"]
[PlyCount "70"]

1. d4 Nf6 2. c4 g6 3. Nc3 Bg7 4. e4 d6 5. Be2 O-O 6. Bg5 Na6 7. h3 e5 8. d5 Qe8 9. Bxf6 Bxf6 10. Bg4 Bg7 11. Bxc8 Rxc8 12. g4 c6 13. Nf3 cxd5 14. cxd5 Qd8 15. O-O Bh6 16. Kh1 Kh8 17. Rg1 Bf4 18. Ne2 g5 19. Kg2 Rc4 20. Nc3 Qd7 21. Qe2 Rfc8 22. Nd2 Rb4 23. Rab1 Nc5 24. a3 Rd4 25. Rgd1 f6 26. Nf3 Rxd1 27. Rxd1 a6 28. Ne1 Nb3 29. Nd3 Nd4 30. Qf1 b5 31. Nxf4 gxf4 32. Rc1 f3+ 33. Kh2 h5 34. Kg3 Rg8 35. Qd3 Rxg4+ {[W: 0:00:42; B: 0:02:56]} 0-1

[Event "4NCL Online Division 2"]
[Site "online"]
[Date "2021.03.09"]
[EventDate "2021.03.09"]
[Round "4.151"]
[White "Waterfield, John W"]
[WhiteElo "1962"]
[WhiteTeam "Abergavenny and Friends"]
[Black "Davies, Neil"]
[BlackElo "1979"]
[BlackTeam "Mushrooms 2"]
[Result "0-1"]
[PlyCount "54"]

1. e4 e5 2. f4 d5 3. exd5 e4 4. d3 Nf6 5. dxe4 Nxe4 6. Nf3 Bc5 7. Qe2 f5 8. Be3 Bb6 9. Bxb6 axb6 10. Nc3 O-O 11. Nxe4 fxe4 12. Qxe4 Bf5 13. Qc4 Re8+ 14. Ne5 Nd7 15. O-O-O Nxe5 16. fxe5 Rxe5 17. Bd3 Bxd3 18. Rxd3 Qd6 19. Rhd1 Rf8 20. b3 b5 21. Qxb5 Qa3+ 22. Kd2 Rf2+ 23. Kc3 Qxa2 24. R3d2 Re3+ 25. Kd4 Qa7+ 26. Kc4 Rxd2 27. Rxd2 Re4+ {Time forfeit} {[W: 0:14:13; B: 0:04:37]} 0-1